00389nam a2200157Ia 4500001000500000005001700005008004100022041000800063082001700071100003300088245005700121260000900178300002800187650000800215654000800223801320260306160537.0260306t2009||||xx |||||||||||||| ||spa|| aESP a370.098bM26 aMarrou Roldán, AuroraeAUT 0aHistoria de la educación peruana y latinoamericana c2009 a307 páginas :c24 cm. aGEN aCED